000 00572nmm a2200193Ia 4500
008 251105s9999||||xx |||||||||||||||||und||
020 _a8497883136
041 _aspa
100 _aVivas i Elias, Pep
245 0 _aVentanas en la ciudad
264 _a[Madrid, España] :
_bUniversitat Oberta de Catalunya,
_c2006
300 _a384 páginas
650 _aArchitecture & Sculpture
700 _aVivas i Elias, Pep
700 1 _a Vidal i Moranta, Tomeu
700 1 _a Mora Martínez, Martín
856 _uhttps://public.digitaliapublishing.com/a/1015
942 _cCF
999 _c72472
_d72472